000 00589nam a2200205Ia 4500
005 20221021114344.0
008 131103s9999 xx 000 0 und d
040 _aLoreto College
041 _aEnglish
082 _a155.4
_bCRO
245 _aReadings in child and adolescent psychology
_cedited by Laster D.Crow and Alice Crow
260 _aNew York
_bDavid Mckay Company
_c1961
300 _axii,592 p.
_b ill.,fig.,tables
504 _aIncludes index
650 _aEducation
651 _aEducational Psychology
700 _aCrow, Laster D.,ed.
850 _aLCLIB
942 _cBK
999 _c3450
_d53929